000 00307nam a22001337a 4500
008 170803b xxu||||| |||| 00| 0 eng d
020 _a9780071779722
041 _aeng
080 _a004
100 _a32
101 _aSHKI
245 _aORACLE E-BUSINESS SUITE FINANCIALS
_cPRUSINSKI, B
942 _2udc
_cBK
999 _c22649
_d22649